|
|
|
|
| LEADER |
01886nam a2200469 4500 |
| 001 |
on1102320948 |
| 003 |
OCoLC |
| 005 |
20200326101201.0 |
| 006 |
m o d |
| 007 |
cr cnu|||unuuu |
| 008 |
190523s2019 maua ob 001 0 eng d |
| 040 |
|
|
|a N$T
|b eng
|e rda
|e pn
|c N$T
|d N$T
|d OPELS
|d EBLCP
|d UKMGB
|d OCLCF
|d UKAHL
|d OCLCQ
|d GrThAP
|
| 015 |
|
|
|a GBB9A6873
|2 bnb
|
| 016 |
7 |
|
|a 019420984
|2 Uk
|
| 020 |
|
|
|a 9780128149973
|q (electronic bk.)
|
| 020 |
|
|
|a 0128149973
|q (electronic bk.)
|
| 020 |
|
|
|a 9780128149966
|
| 035 |
|
|
|a (OCoLC)1102320948
|
| 050 |
|
4 |
|a TP248.25.B55
|
| 072 |
|
7 |
|a SCI
|x 013060
|2 bisacsh
|
| 072 |
|
7 |
|a TEC
|x 009010
|2 bisacsh
|
| 082 |
0 |
4 |
|a 660.6
|2 23
|
| 100 |
1 |
|
|a Huerta-Ochoa, Sergio,
|e author.
|
| 245 |
1 |
0 |
|a Advances and applications of partitioning bioreactors /
|c Sergio Huerta-Ochoa, Carlos O. Castillo-Araiza, Guillermo Quijano.
|
| 250 |
|
|
|a First edition.
|
| 264 |
|
1 |
|a Cambridge, MA :
|b Academic Press, an imprint of Elsevier,
|c 2019.
|
| 300 |
|
|
|a 1 online resource :
|b illustrations (some color)
|
| 336 |
|
|
|a text
|b txt
|2 rdacontent
|
| 337 |
|
|
|a computer
|b c
|2 rdamedia
|
| 338 |
|
|
|a online resource
|b cr
|2 rdacarrier
|
| 490 |
1 |
|
|a Advances in chemical engineering ;
|v volume 54
|
| 588 |
0 |
|
|a Online resource; title from PDF title page (EBSCO, viewed May 24, 2019).
|
| 504 |
|
|
|a Includes bibliographical references and index.
|
| 650 |
|
0 |
|a Bioreactors.
|
| 650 |
|
7 |
|a SCIENCE
|x Chemistry
|x Industrial & Technical.
|2 bisacsh
|
| 650 |
|
7 |
|a TECHNOLOGY & ENGINEERING
|x Chemical & Biochemical.
|2 bisacsh
|
| 650 |
|
7 |
|a Bioreactors.
|2 fast
|0 (OCoLC)fst00832686
|
| 655 |
|
4 |
|a Electronic books.
|
| 700 |
1 |
|
|a Castillo-Araiza, Carlos O.,
|e author.
|
| 700 |
1 |
|
|a Quijano, Guillermo,
|e author.
|
| 830 |
|
0 |
|a Advances in chemical engineering ;
|v v. 54.
|
| 856 |
4 |
0 |
|3 ScienceDirect
|u https://www.sciencedirect.com/science/bookseries/00652377/54
|z Full Text via HEAL-Link
|